Top 100 Most Populous US Cities - Statistics

General Stats
  • This quiz has been taken 398 times
    394 since last reset
  • The average score is 66 of 100
Answer Stats
Rank State City % Correct
2 CA Los Angeles
99%
1 NY New York
99%
3 IL Chicago
98%
4 TX Houston
97%
9 TX Dallas
96%
6 PA Philadelphia
96%
5 AZ Phoenix
96%
42 FL Miami
95%
17 CA San Francisco
95%
19 CO Denver
94%
8 CA San Diego
93%
11 TX Austin
92%
24 NV Las Vegas
92%
7 TX San Antonio
91%
18 WA Seattle
91%
22 DC Washington
90%
25 MA Boston
89%
20 OK Oklahoma City
89%
26 MI Detroit
88%
16 IN Indianapolis
87%
10 FL Jacksonville
87%
38 MO Kansas City
87%
58 FL Orlando
87%
37 GA Atlanta
86%
21 TN Nashville
86%
35 CA Sacramento
86%
14 OH Columbus
85%
27 OR Portland
85%
15 NC Charlotte
84%
49 FL Tampa
84%
54 OH Cleveland
83%
53 LA New Orleans
83%
30 MD Baltimore
82%
12 TX Fort Worth
82%
55 HI Honolulu
82%
29 TN Memphis
82%
46 MN Minneapolis
81%
13 CA San Jose
80%
32 NM Albuquerque
79%
23 TX El Paso
79%
31 WI Milwaukee
79%
64 OH Cincinnati
78%
28 KY Louisville
78%
41 NC Raleigh
78%
68 PA Pittsburgh
77%
76 MO St. Louis
77%
40 NE Omaha
71%
39 CO Colorado Springs
70%
33 AZ Tucson
70%
48 OK Tulsa
70%
77 WI Madison
69%
81 NY Buffalo
68%
80 NV Reno
68%
98 VA Richmond
68%
67 MN St. Paul
67%
66 NJ Newark
66%
95 ID Boise
65%
43 VA Virginia Beach
64%
34 CA Fresno
62%
45 CA Oakland
62%
71 NE Lincoln
61%
74 AK Anchorage
60%
51 KS Wichita
60%
59 KY Lexington
55%
36 AZ Mesa
54%
72 NJ Jersey City
53%
85 OH Toledo
53%
47 CA Bakersfield
52%
56 CA Anaheim
51%
50 TX Arlington
51%
44 CA Long Beach
51%
70 NC Durham
48%
69 NC Greensboro
47%
97 WA Spokane
47%
91 NC Winston-Salem
47%
62 TX Corpus Christi
44%
57 NV Henderson
43%
93 AZ Scottsdale
43%
86 FL St. Petersburg
43%
96 VA Norfolk
42%
52 CO Aurora
41%
83 IN Fort Wayne
41%
100 AL Huntsville
39%
61 CA Riverside
39%
84 TX Lubbock
38%
75 NV North Las Vegas
37%
65 CA Santa Ana
36%
90 AZ Glendale
35%
63 CA Irvine
35%
60 CA Stockton
33%
78 AZ Chandler
29%
89 VA Chesapeake
28%
73 TX Plano
27%
79 AZ Gilbert
26%
87 TX Laredo
26%
82 CA Chula Vista
25%
88 TX Irving
22%
99 CA Fremont
20%
94 TX Garland
17%
92 FL Port St. Lucie
15%
No matching quizzes found
Score Distribution
Percent of People with Each Score
Percentile by Number Answered
Your Score History
You have not taken this quiz since the last reset